| 000 | 01146cam a2200301 i 4500 | ||
|---|---|---|---|
| 001 | 15380633 | ||
| 003 | EG-ScBUE | ||
| 005 | 20240905092236.0 | ||
| 008 | 080724s2008 enk f b 000 0 eng d | ||
| 020 | _a9780521709088 (pbk. : v. 2) | ||
| 020 | _a0521709083 (pbk. : v. 2) | ||
| 035 | _a(OCoLC)ocn212858651 | ||
| 040 |
_aBTCTA _beng _erda _cBTCTA _dBAKER _dYDXCP _dBWK _dMIA _dUKM _dIQU _dDLC _dEG-ScBUE |
||
| 082 | 0 | 4 |
_a511.33 _222 _bMOD |
| 245 | 0 | 0 |
_aModel theory with applications to algebra and analysis / _cZoe Chatzidakis [and three others] |
| 264 | 1 |
_aCambridge, UK : _bCambridge University Press, _c2008. |
|
| 300 |
_a427 pages ; _c23 cm. |
||
| 336 |
_2rdacontent _atext _btxt |
||
| 337 |
_aunmediated _2rdamedia _bn |
||
| 338 |
_avolume _bnc _2rdacarrier |
||
| 490 | 0 |
_aLondon mathematical society lecture note series ; _v350 |
|
| 504 | _aIncludes bibliographical references. | ||
| 650 | 7 |
_aModel theory. _2BUEsh _910681 |
|
| 655 | _vReading book | ||
| 700 | 1 |
_aChatzidakis, Zoe Maria, _eeditor. _910682 |
|
| 942 |
_2ddc _cBB |
||
| 999 |
_c11584 _d11584 |
||